[Event "Turkish Club Cup 2019"]
[Site "Konya"]
[Date "2019.07.20"]
[Round "8"]
[White "Sariali, Furkan Anil"]
[Black "Banci, Dogancan"]
[Result "0-1"]
[WhiteElo "1733"]
[BlackElo "1643"]
[Annotator "NA"]
[PlyCount "102"]
[EventDate "2019.07.20"]
[EventType "team-tourn"]
[EventCountry "TUR"]
[SourceTitle "playchess.com"]
[Source "ChessBase"]
[SourceQuality "1"]

1. Nf3 Nf6 2. g3 b6 3. Bg2 Bb7 4. O-O e6 5. b3 Be7 6. Bb2 c5 7. d4 cxd4 8. Nxd4 Bxg2 9. Kxg2 O-O 10. c4 d5 11. Nd2 Qc7 12. cxd5 Nxd5 13. Rc1 Qb7 14. e4 Nf6 15. Kg1 Nbd7 16. Qe2 Rac8 17. e5 Nd5 18. Ne4 Nc5 19. Nxc5 Bxc5 20. Rfd1 a6 21. a3 b5 22. b4 Bb6 23. Nb3 Rxc1 24. Rxc1 Rc8 25. Nc5 Bxc5 26. bxc5 Rc6 27. Qd2 h6 28. Bd4 Qc7 29. Rb1 Qc8 30. h4 Qd8 31. Kh2 Ne7 32. Rc1 Nf5 33. Bc3 Qxd2 34. Bxd2 Ne7 35. Bb4 Nd5 36. Rb1 Kf8 37. Kg2 Ke7 38. Kf3 Kd7 39. Rc1 Rc8 40. c6+ Rxc6 41. Rxc6 Kxc6 42. Bf8 g6 43. Bxh6 Ne7 44. Bf8 Nf5 45. Ke4 a5 46. g4 Nxh4 47. Bh6 Ng2 48. Bd2 a4 49. Kf3 Nh4+ 50. Kf4 g5+ 51. Kxg5 Nf3+ 0-1

[Event "Turkish Club Cup 2019"]
[Site "Konya"]
[Date "2019.07.20"]
[Round "8"]
[White "Kargi, Mert"]
[Black "Acar, Eren"]
[Result "1-0"]
[WhiteElo "1729"]
[BlackElo "1539"]
[Annotator "NA"]
[PlyCount "121"]
[EventDate "2019.07.20"]
[EventType "team-tourn"]
[EventCountry "TUR"]
[SourceTitle "playchess.com"]
[Source "ChessBase"]
[SourceQuality "1"]

1. c4 Nf6 2. Nf3 e6 3. g3 d5 4. Bg2 Be7 5. O-O O-O 6. d4 c5 7. cxd5 exd5 8. Nc3 Nc6 9. Bf4 Be6 10. Rc1 b6 11. a3 Rc8 12. Qd3 Bd6 13. Bxd6 Qxd6 14. dxc5 bxc5 15. e3 Rfd8 16. Rfd1 Bg4 17. Rd2 Bxf3 18. Bxf3 Ne5 19. Qe2 Nxf3+ 20. Qxf3 Qe5 21. Rcd1 d4 22. exd4 cxd4 23. Ne2 h6 24. Nxd4 Ne4 25. Rd3 Nc5 26. Nc6 Rxd3 27. Nxe5 Rxf3 28. Nxf3 Na4 29. Rd2 Rc1+ 30. Kg2 Rb1 31. Rd4 Nc5 32. b4 Ne6 33. Rd7 a5 34. bxa5 Rb3 35. a6 Rxa3 36. a7 Kh7 37. Ne5 Nd4 38. Rxd4 Rxa7 39. Rd7 Rxd7 40. Nxd7 f6 41. f4 Kg6 42. Kf3 Kf7 43. f5 g6 44. g4 Kg7 45. h4 Kf7 46. h5 g5 47. Ke4 Ke7 48. Nb6 Kf7 49. Kd5 Ke7 50. Nc8+ Kd7 51. Nd6 Ke7 52. Kc6 Kf8 53. Kd7 Kg7 54. Ke6 Kg8 55. Kxf6 Kh7 56. Kf7 Kh8 57. Kg6 Kg8 58. Nf7 Kf8 59. Nxh6 Ke7 60. Kg7 Ke8 61. f6 1-0

[Event "Turkish Club Cup 2019"]
[Site "Konya"]
[Date "2019.07.20"]
[Round "8"]
[White "Ipek, Ekin"]
[Black "Yalcin, Ozgun"]
[Result "1/2-1/2"]
[WhiteElo "1706"]
[BlackElo "1881"]
[Annotator "NA"]
[PlyCount "95"]
[EventDate "2019.07.20"]
[EventType "team-tourn"]
[EventCountry "TUR"]
[SourceTitle "playchess.com"]
[Source "ChessBase"]
[SourceQuality "1"]

1. e4 c5 2. Nf3 d6 3. d4 cxd4 4. Nxd4 Nf6 5. Nc3 g6 6. f3 Bg7 7. Be3 O-O 8. Bc4 Nc6 9. Qd2 Bd7 10. h4 Qa5 11. Nb3 Qc7 12. Bh6 Ne5 13. Bxg7 Kxg7 14. Be2 h5 15. O-O-O Rfc8 16. g4 hxg4 17. f4 Nc4 18. Qd4 e5 19. Qxc4 Qxc4 20. Bxc4 Rxc4 21. Rxd6 Bc6 22. Na5 Rxc3 23. bxc3 Nxe4 24. Nxc6 Nxd6 25. Nxe5 g3 26. h5 Ne4 27. h6+ Kf6 28. Re1 Nxc3 29. Kd2 Nd5 30. Nd3 Rh8 31. Rg1 Rxh6 32. Rxg3 Rh2+ 33. Kc1 Rh4 34. Nc5 Nxf4 35. Ra3 b6 36. Nd7+ Ke6 37. Rxa7 Nd5 38. Nxb6 Nxb6 39. Ra6 Rh1+ 40. Kb2 g5 41. Rxb6+ Kf5 42. Rb5+ Kg6 43. Rb8 Kg7 44. a4 g4 45. a5 Rh5 46. Rb4 Rxa5 47. Rxg4+ Kf8 48. Kb3 1/2-1/2

[Event "Turkish Club Cup 2019"]
[Site "Konya"]
[Date "2019.07.20"]
[Round "8"]
[White "Kazik, Oguz Kagan"]
[Black "Ince, Eray"]
[Result "1-0"]
[WhiteElo "1706"]
[BlackElo "1459"]
[Annotator "NA"]
[PlyCount "85"]
[EventDate "2019.07.16"]
[EventType "team-tourn"]
[EventCountry "TUR"]
[SourceTitle "playchess.com"]
[Source "ChessBase"]
[SourceQuality "1"]

1. d4 g6 2. Bf4 Bg7 3. e3 d6 4. h3 Nd7 5. Nf3 e5 6. Bh2 Ne7 7. Be2 O-O 8. O-O h6 9. c3 f5 10. dxe5 dxe5 11. Qb3+ Kh7 12. Rd1 Nc6 13. Na3 Qe7 14. Qc2 a6 15. Rac1 e4 16. Nd4 Nce5 17. Nb3 b5 18. c4 b4 19. Nb1 c5 20. Na5 Qe6 21. a3 bxa3 22. bxa3 Rb8 23. Nc3 Bb7 24. Nd5 Ba8 25. Qa2 Rb2 26. Qxb2 Nf3+ 27. gxf3 Bxb2 28. Nc7 Qf7 29. Rb1 exf3 30. Bf1 Bxa3 31. Nxa8 Bb4 32. Nc7 Bxa5 33. Nxa6 Qg7 34. Rb5 Bb4 35. Nxb4 cxb4 36. Rxb4 Ne5 37. c5 Qe7 38. Bxe5 Qxe5 39. Rd7+ Kg8 40. Rbb7 Ra8 41. Bc4+ Kf8 42. Rf7+ Ke8 43. Bb5+ 1-0

[Event "Turkish Club Cup 2019"]
[Site "Konya"]
[Date "2019.07.20"]
[Round "8"]
[White "Adanmis, Ezgi"]
[Black "Demir, Aleyna"]
[Result "1/2-1/2"]
[WhiteElo "1692"]
[BlackElo "1354"]
[Annotator "NA"]
[PlyCount "78"]
[EventDate "2019.07.16"]
[EventType "team-tourn"]
[EventCountry "TUR"]
[SourceTitle "playchess.com"]
[Source "ChessBase"]
[SourceQuality "1"]

1. e4 d5 2. exd5 Qxd5 3. Nc3 Qa5 4. d4 c6 5. Nf3 Nf6 6. Bd2 Qc7 7. Bc4 Bg4 8. h3 Bh5 9. g4 Bg6 10. Ne5 e6 11. Nxg6 hxg6 12. Bb3 Nbd7 13. Qe2 O-O-O 14. O-O-O Nb6 15. Bg5 Be7 16. Kb1 Nbd5 17. Nxd5 Nxd5 18. Bxe7 Qxe7 19. Bxd5 Rxd5 20. Rd3 Rhd8 21. Re1 Rxd4 22. Rxd4 Rxd4 23. Rd1 Qd6 24. Rxd4 Qxd4 25. a3 Qd5 26. f3 Kc7 27. b3 Qc5 28. h4 Qg1+ 29. Kb2 Qd4+ 30. Kb1 Qg1+ 31. Ka2 Qd4 32. h5 gxh5 33. Qh2+ Qd6 34. Qxh5 Qf4 35. Qc5 Qxf3 36. Qe7+ Kb6 37. Qb4+ Kc7 38. Qe7+ Kb6 39. Qb4+ Kc7 1/2-1/2

[Event "Turkish Club Cup 2019"]
[Site "Konya"]
[Date "2019.07.20"]
[Round "8"]
[White "Sinay, Ahmet"]
[Black "Yigit, Fatih"]
[Result "0-1"]
[WhiteElo "1692"]
[BlackElo "1594"]
[Annotator "NA"]
[PlyCount "80"]
[EventDate "2019.07.20"]
[EventType "team-tourn"]
[EventCountry "TUR"]
[SourceTitle "playchess.com"]
[Source "ChessBase"]
[SourceQuality "1"]

1. d4 d5 2. Bf4 e6 3. e3 Bd6 4. Bxd6 cxd6 5. c3 Nf6 6. Bd3 Nc6 7. Nd2 e5 8. Ne2 O-O 9. O-O Rb8 10. a4 a6 11. h3 h6 12. b4 b5 13. axb5 axb5 14. Qb3 Be6 15. Ra3 Nh5 16. Ra6 Qd7 17. Rfa1 g5 18. Qa2 f5 19. Nb3 e4 20. Bc2 f4 21. Na5 Ne7 22. Bb3 f3 23. Nc1 fxg2 24. Nc6 Nxc6 25. Bxd5 Nd8 26. Ra7 Bxd5 27. Qxd5+ Qe6 28. Qxe6+ Nxe6 29. Re7 Nhg7 30. d5 Nd8 31. Ra6 Nf5 32. Rxe4 Rb7 33. Ne2 Nf7 34. Nd4 Nh4 35. Nc6 Ne5 36. Nxe5 dxe5 37. Rxh6 Ra7 38. Rhxh4 gxh4 39. Rxh4 Rg7 40. e4 Rc8 0-1

[Event "Turkish Club Cup 2019"]
[Site "Konya"]
[Date "2019.07.20"]
[Round "8"]
[White "Uysal, Ugur"]
[Black "Emir, Emirhan"]
[Result "1/2-1/2"]
[WhiteElo "1689"]
[BlackElo "1904"]
[Annotator "NA"]
[PlyCount "63"]
[EventDate "2019.07.16"]
[EventType "team-tourn"]
[EventCountry "TUR"]
[SourceTitle "playchess.com"]
[Source "ChessBase"]
[SourceQuality "1"]

1. Nf3 Nf6 2. d4 d5 3. c4 c6 4. Nc3 e6 5. e3 Bd6 6. Be2 O-O 7. O-O Nbd7 8. Qc2 a6 9. a4 h6 10. c5 Bc7 11. b4 e5 12. Bd2 Re8 13. Rfc1 exd4 14. exd4 Nf8 15. Bf1 Bg4 16. Be2 Bxf3 17. Bxf3 Ng6 18. Be2 Bf4 19. Bf3 Bxd2 20. Qxd2 Ne4 21. Bxe4 dxe4 22. Qe3 Qg5 23. Qxg5 hxg5 24. Rd1 f5 25. Ra2 Ne7 26. Rad2 Nd5 27. Nxd5 cxd5 28. a5 Kf7 29. Re2 Kg6 30. Rde1 Re6 31. g3 Rae8 32. Rb2 1/2-1/2

[Event "Turkish Club Cup 2019"]
[Site "Konya"]
[Date "2019.07.20"]
[Round "8"]
[White "Coban, Suleyman"]
[Black "Yatkin, Osman"]
[Result "1-0"]
[WhiteElo "1667"]
[BlackElo "1692"]
[Annotator "NA"]
[PlyCount "47"]
[EventDate "2019.07.16"]
[EventType "team-tourn"]
[EventCountry "TUR"]
[SourceTitle "playchess.com"]
[Source "ChessBase"]
[SourceQuality "1"]

1. c4 e5 2. d3 b6 3. Nf3 Nc6 4. g3 Bb7 5. Bg2 Nd4 6. e3 Nxf3+ 7. Bxf3 Bxf3 8. Qxf3 Nf6 9. Nc3 Bb4 10. Bd2 O-O 11. O-O Qe7 12. Rad1 Rad8 13. e4 c6 14. Bg5 d5 15. cxd5 Bxc3 16. bxc3 Rd6 17. d4 exd4 18. Rfe1 Qb7 19. e5 Rxd5 20. Bxf6 gxf6 21. Qg4+ Kh8 22. exf6 Rg8 23. Re8 Rdg5 24. Qxg5 1-0

[Event "Turkish Club Cup 2019"]
[Site "Konya"]
[Date "2019.07.20"]
[Round "8"]
[White "Guler, Muhammed Talha"]
[Black "Aydin, Gulenay"]
[Result "1/2-1/2"]
[WhiteElo "1652"]
[BlackElo "1934"]
[Annotator "NA"]
[PlyCount "60"]
[EventDate "2019.07.16"]
[EventType "team-tourn"]
[EventCountry "TUR"]
[SourceTitle "playchess.com"]
[Source "ChessBase"]
[SourceQuality "1"]

1. e4 c5 2. c4 d6 3. Ne2 Nc6 4. d4 cxd4 5. Nxd4 g6 6. Nc3 Bg7 7. Be3 Nf6 8. Be2 O-O 9. O-O Bd7 10. Qd2 Qa5 11. f3 Rfc8 12. Rac1 Nxd4 13. Bxd4 Be6 14. b3 a6 15. Rfd1 Rab8 16. a4 b5 17. axb5 axb5 18. Ra1 Qd8 19. Nxb5 Bd7 20. Rdc1 Bxb5 21. cxb5 Nd7 22. Bxg7 Kxg7 23. Qd4+ Kg8 24. Kf2 Nc5 25. Qe3 Nd7 26. Rxc8 Rxc8 27. Rc1 Rxc1 28. Qxc1 Qb6+ 29. Qe3 Qc7 30. g3 Nb6 1/2-1/2

[Event "Turkish Club Cup 2019"]
[Site "Konya"]
[Date "2019.07.20"]
[Round "8"]
[White "Polat, Ahmet Eren"]
[Black "Demirbas, Emre"]
[Result "1/2-1/2"]
[WhiteElo "1651"]
[BlackElo "1913"]
[Annotator "NA"]
[PlyCount "87"]
[EventDate "2019.07.16"]
[EventType "team-tourn"]
[EventCountry "TUR"]
[SourceTitle "playchess.com"]
[Source "ChessBase"]
[SourceQuality "1"]

1. e4 c5 2. Nf3 e6 3. d3 Nc6 4. Nbd2 Nf6 5. Be2 d5 6. c3 Qc7 7. a4 a6 8. O-O Be7 9. Re1 O-O 10. Bf1 Rb8 11. g3 b5 12. axb5 axb5 13. exd5 exd5 14. Nb3 Bg4 15. Bf4 Bd6 16. Bxd6 Qxd6 17. Be2 Rfe8 18. Nh4 Bxe2 19. Rxe2 Rxe2 20. Qxe2 Re8 21. Qd2 c4 22. Nf5 Qe5 23. Nbd4 Nxd4 24. Nxd4 b4 25. dxc4 bxc3 26. bxc3 dxc4 27. Qd1 h6 28. Qf3 Nh7 29. Qf5 Qb8 30. Qb5 Qc8 31. Qc6 Nf6 32. Qxc8 Rxc8 33. Nf5 Rc5 34. Ra8+ Kh7 35. Nd6 Nd5 36. Rc8 Rxc8 37. Nxc8 Nxc3 38. Nd6 Kg6 39. Nxc4 Kg5 40. f3 h5 41. Nd6 f5 42. Kf2 Nd5 43. h3 Kf6 44. Nc4 1/2-1/2

[Event "Turkish Club Cup 2019"]
[Site "Konya"]
[Date "2019.07.20"]
[Round "8"]
[White "Ekici, Caner"]
[Black "Inci, Okan"]
[Result "1/2-1/2"]
[WhiteElo "1650"]
[BlackElo "1609"]
[Annotator "NA"]
[PlyCount "159"]
[EventDate "2019.07.16"]
[EventType "team-tourn"]
[EventCountry "TUR"]
[SourceTitle "playchess.com"]
[Source "ChessBase"]
[SourceQuality "1"]

1. Nf3 Nf6 2. c4 e6 3. g3 b6 4. Bg2 Bb7 5. O-O Be7 6. b3 O-O 7. Bb2 c5 8. Nc3 d6 9. Re1 Nbd7 10. e4 e5 11. Qe2 Ne8 12. Bh3 g6 13. Nd5 Bxd5 14. exd5 f5 15. d3 Ng7 16. Nd2 Bg5 17. Rf1 Qe7 18. Rae1 Rae8 19. f3 h5 20. Qg2 Qd8 21. Re2 Kh7 22. Kh1 Bf6 23. g4 Bg5 24. Rg1 hxg4 25. fxg4 f4 26. Qf3 Nf6 27. Bf1 Rh8 28. h3 Kg8 29. Bc3 Bh4 30. Ne4 Kf7 31. Be1 Bxe1 32. Rxe1 Nxe4 33. dxe4 g5 34. a4 Re7 35. Kg2 Rb7 36. Qc3 Kg6 37. Kf3 Ne8 38. Rh1 Nc7 39. Ra1 a5 40. Ra2 Rh4 41. Rah2 Ne8 42. Qd2 Rbh7 43. Qg2 Nf6 44. Be2 Ng8 45. Kf2 Ne7 46. Bf3 Qh8 47. Kf1 Kf6 48. Kf2 Qg7 49. Kf1 Rh8 50. Kf2 Ng6 51. Kf1 R4h7 52. Qf2 Qh6 53. Rg1 Nh4 54. Ke2 Kg6 55. Rgh1 Qf8 56. Kf1 Qg7 57. Ke2 Qh6 58. Rg1 Kf6 59. Rgh1 Ng6 60. Kf1 Qf8 61. Ke2 Rh4 62. Kf1 Ne7 63. Kg2 Kg6 64. Kf1 Ng8 65. Kg2 Nf6 66. Kf1 Nd7 67. Kg2 Nb8 68. Qd2 Na6 69. Qe1 Nb4 70. Qd2 R4h7 71. Qe2 Qh6 72. Kf1 Qh4 73. Rg1 Kf6 74. Qd2 Qh6 75. Qe2 Qf8 76. Rgh1 Rh4 77. Qd2 R8h7 78. Qe2 Qh8 79. Kg2 Kg6 80. Qd2 1/2-1/2

[Event "Turkish Club Cup 2019"]
[Site "Konya"]
[Date "2019.07.20"]
[Round "8"]
[White "Acar, Ilhami"]
[Black "Karahan, Anil"]
[Result "1/2-1/2"]
[WhiteElo "1636"]
[BlackElo "1889"]
[Annotator "NA"]
[PlyCount "78"]
[EventDate "2019.07.20"]
[EventType "team-tourn"]
[EventCountry "TUR"]
[SourceTitle "playchess.com"]
[Source "ChessBase"]
[SourceQuality "1"]

1. e4 e6 2. d4 d5 3. Nd2 Be7 4. Ngf3 Nf6 5. Bd3 c5 6. dxc5 O-O 7. O-O a5 8. exd5 Qxd5 9. Nc4 Bxc5 10. Qe2 Nbd7 11. Bf4 b5 12. Nce5 Nxe5 13. Bxe5 Bb7 14. Bxb5 Ng4 15. Rad1 Qxa2 16. Bc3 Bb4 17. Bd4 Rac8 18. h3 Nh6 19. c4 Nf5 20. Qc2 Bxf3 21. gxf3 Nxd4 22. Rxd4 Rfd8 23. Rfd1 Rxd4 24. Rxd4 Be7 25. Rd2 Bf6 26. f4 g6 27. Kg2 Qa1 28. Qd3 Qc1 29. b3 Rd8 30. Bd7 Kg7 31. Qe3 a4 32. bxa4 Qxc4 33. Bb5 Qb4 34. Rxd8 Bxd8 35. Qd3 Bc7 36. Qc4 Qd6 37. Kf3 Bb6 38. Qe4 Qd1+ 39. Kg2 Bc7 1/2-1/2

[Event "Turkish Club Cup 2019"]
[Site "Konya"]
[Date "2019.07.20"]
[Round "8"]
[White "Tuncer, Orcun Ege"]
[Black "Yildiz, Tunahan"]
[Result "1-0"]
[WhiteElo "1626"]
[BlackElo "1719"]
[Annotator "NA"]
[PlyCount "41"]
[EventDate "2019.07.20"]
[EventType "team-tourn"]
[EventCountry "TUR"]
[SourceTitle "playchess.com"]
[Source "ChessBase"]
[SourceQuality "1"]

1. e4 c5 2. Nf3 d6 3. d4 cxd4 4. Nxd4 Nf6 5. Nc3 a6 6. Be3 e5 7. Nb3 Be6 8. f3 Be7 9. Qd2 Nbd7 10. O-O-O O-O 11. g4 b5 12. g5 b4 13. Ne2 Ne8 14. f4 a5 15. f5 a4 16. fxe6 axb3 17. cxb3 fxe6 18. Kb1 Qa5 19. Nc1 Nc5 20. Qc2 Na6 21. Qc6 1-0

[Event "Turkish Club Cup 2019"]
[Site "Konya"]
[Date "2019.07.20"]
[Round "8"]
[White "Ultanir, Guray"]
[Black "Uzgur, Arda"]
[Result "1-0"]
[WhiteElo "1601"]
[BlackElo "1480"]
[Annotator "NA"]
[PlyCount "141"]
[EventDate "2019.07.16"]
[EventType "team-tourn"]
[EventCountry "TUR"]
[SourceTitle "playchess.com"]
[Source "ChessBase"]
[SourceQuality "1"]

1. Nf3 Nf6 2. g3 g6 3. Bg2 Bg7 4. d3 d5 5. Nbd2 O-O 6. O-O c5 7. e4 Nc6 8. c3 dxe4 9. dxe4 e5 10. Qe2 Qe7 11. Re1 a5 12. Nc4 b5 13. Nb6 Rb8 14. Nd5 Nxd5 15. exd5 Nd8 16. Nxe5 Re8 17. Bf4 g5 18. Nd3 Qxe2 19. Rxe2 Rxe2 20. Bxb8 Bf8 21. Re1 Rxe1+ 22. Nxe1 Nb7 23. Nd3 f6 24. Bc7 Bf5 25. d6 Nxd6 26. Nxc5 Nc4 27. Bd5+ Kg7 28. Ne6+ Bxe6 29. Bxe6 Nxb2 30. Bxa5 Bc5 31. Bd7 Nc4 32. Bc7 Na3 33. Kf1 Kg6 34. g4 Kf7 35. f4 Ke7 36. Bf5 h6 37. fxg5 hxg5 38. Ke2 Nc4 39. Kd3 Nb2+ 40. Ke4 Nd1 41. Kd5 Ba3 42. Ba5 Bb2 43. Kc6 Bxc3 44. Kxb5 Kd6 45. Bb6 Be5 46. Ka6 Nc3 47. a3 Bxh2 48. Kb7 Be5 49. Bc2 Kd7 50. a4 Nxa4 51. Bxa4+ Ke7 52. Bc2 Bc3 53. Kc6 Be5 54. Kd5 Bc3 55. Bg6 Kf8 56. Ke6 Kg7 57. Bf5 Bb2 58. Kd5 Be5 59. Bd4 Bxd4 60. Kxd4 Kh6 61. Kd5 Kg7 62. Ke6 Kh6 63. Bd3 Kg7 64. Be2 Kg6 65. Ke7 Kg7 66. Bf3 Kg6 67. Bd1 Kg7 68. Ke8 Kg6 69. Kf8 f5 70. Bc2 Kh6 71. gxf5 1-0

[Event "Turkish Club Cup 2019"]
[Site "Konya"]
[Date "2019.07.20"]
[Round "8"]
[White "Unsal, Omer"]
[Black "Sarikas, Ertan"]
[Result "1-0"]
[WhiteElo "1586"]
[BlackElo "1612"]
[Annotator "NA"]
[PlyCount "133"]
[EventDate "2019.07.20"]
[EventType "team-tourn"]
[EventCountry "TUR"]
[SourceTitle "playchess.com"]
[Source "ChessBase"]
[SourceQuality "1"]

1. e4 g6 2. d4 Bg7 3. Nf3 d6 4. Be3 Nf6 5. Bd3 O-O 6. O-O Nbd7 7. h3 e5 8. c3 Re8 9. Nbd2 Nf8 10. d5 Nh5 11. Re1 Nf4 12. Bf1 g5 13. g3 h6 14. Kh2 N4g6 15. Ng1 f5 16. exf5 Bxf5 17. Bg2 Nh7 18. Be4 Bxe4 19. Nxe4 Nf6 20. Qd3 Nxe4 21. Qxe4 Qf6 22. Rad1 Rf8 23. Ne2 Ne7 24. g4 Ng6 25. Ng3 Nh4 26. Rf1 Qf3 27. Rd3 Qxe4 28. Nxe4 b5 29. Rc1 a5 30. c4 b4 31. c5 Nf3+ 32. Kh1 Nd4 33. cxd6 cxd6 34. Nxd6 Ne2 35. Rc7 Nf4 36. Bxf4 exf4 37. Nf5 Rf7 38. d6 Rd8 39. Ne7+ Kh7 40. Nc6 Rdd7 41. Rxd7 Rxd7 42. Nb8 Rb7 43. d7 Bf6 44. Nc6 Rc7 45. d8=Q Bxd8 46. Nxd8 Rc2 47. Rb3 Rxf2 48. Nc6 Rf1+ 49. Kg2 Ra1 50. Nxa5 Rxa2 51. Nc6 h5 52. Nxb4 Ra1 53. Nc6 Rc1 54. Nd4 Rc4 55. Rd3 Rb4 56. b3 hxg4 57. hxg4 Kg7 58. Nc6 Rb6 59. Rc3 Kf6 60. Kf3 Ke6 61. Ke4 Kd6 62. Nd4 Rb8 63. Rc6+ Kd7 64. Rg6 Re8+ 65. Kd5 Ra8 66. Rg7+ Kc8 67. Rg8+ 1-0

[Event "Turkish Club Cup 2019"]
[Site "Konya"]
[Date "2019.07.20"]
[Round "8"]
[White "Ozcan, Alperen"]
[Black "Gurses, Ayberk"]
[Result "0-1"]
[WhiteElo "1568"]
[BlackElo "1770"]
[Annotator "NA"]
[PlyCount "158"]
[EventDate "2019.07.16"]
[EventType "team-tourn"]
[EventCountry "TUR"]
[SourceTitle "playchess.com"]
[Source "ChessBase"]
[SourceQuality "1"]

1. d4 Nf6 2. Bf4 g6 3. Nf3 Bg7 4. e3 O-O 5. h3 d6 6. Nbd2 Nbd7 7. Be2 Re8 8. Bh2 b6 9. O-O Bb7 10. c3 e5 11. dxe5 dxe5 12. Qc2 Qe7 13. Rad1 e4 14. Nd4 Ne5 15. a4 a6 16. Nc4 Nfd7 17. Nb3 Nf3+ 18. Kh1 Nxh2 19. Kxh2 Ne5 20. Nbd2 Qh4 21. Nxe5 Bxe5+ 22. Kg1 Bc8 23. f4 exf3 24. Nxf3 Qg3 25. Nxe5 Qxe3+ 26. Rf2 Qxe5 27. Bf3 Bf5 28. Qd2 Rab8 29. Qd4 Qg3 30. Qc4 Re7 31. Rdf1 Be6 32. Qxa6 Bxh3 33. Bd5 Be6 34. Qc4 Bxd5 35. Qxd5 Rf8 36. Qc4 Qe5 37. b4 Kg7 38. Qb3 f5 39. Qb2 f4 40. c4 Qxb2 41. Rxb2 Re4 42. Rc2 Ra8 43. Ra1 Kf6 44. a5 bxa5 45. bxa5 Ra6 46. Ra4 Re5 47. c5 g5 48. Kf2 Kf5 49. Rc1 h5 50. g3 Re4 51. Ra3 Kg4 52. Rg1 f3 53. Ra2 Re2+ 54. Rxe2 fxe2 55. Ra1 e1=Q+ 56. Rxe1 Rxa5 57. Re5 Ra2+ 58. Kg1 Rc2 59. Rd5 Rc3 60. Kh2 c6 61. Re5 Rxg3 62. Re6 Rc3 63. Rxc6 Rc2+ 64. Kg1 Kg3 65. Kf1 h4 66. Rd6 Rc1+ 67. Ke2 Rxc5 68. Rd3+ Kg2 69. Ke3 Rf5 70. Rd2+ Kg3 71. Rd1 h3 72. Rg1+ Kh4 73. Ke4 Rf4+ 74. Ke3 h2 75. Rb1 Kh3 76. Ra1 Rf7 77. Rb1 g4 78. Ke2 g3 79. Kd2 Kg2 0-1

[Event "Turkish Club Cup 2019"]
[Site "Konya"]
[Date "2019.07.20"]
[Round "8"]
[White "Ozgur, Sina"]
[Black "Hekimoglu, Mihriban"]
[Result "0-1"]
[WhiteElo "1524"]
[BlackElo "1440"]
[Annotator "NA"]
[PlyCount "74"]
[EventDate "2019.07.16"]
[EventType "team-tourn"]
[EventCountry "TUR"]
[SourceTitle "playchess.com"]
[Source "ChessBase"]
[SourceQuality "1"]

1. d4 d5 2. c4 c6 3. Nc3 Nf6 4. e3 e6 5. Nf3 Bd6 6. Bd3 O-O 7. O-O dxc4 8. Bxc4 Qc7 9. e4 e5 10. d5 cxd5 11. Bxd5 Rd8 12. Qb3 Nxd5 13. Nxd5 Qd7 14. Bg5 Re8 15. h3 Nc6 16. Rad1 Qe6 17. Qe3 h6 18. Bh4 Qg6 19. Kh1 Be6 20. a3 Kh7 21. Bg3 Qh5 22. b4 Rad8 23. Rd2 Nd4 24. Nxd4 exd4 25. Qxd4 Bxg3 26. fxg3 f5 27. Qc3 fxe4 28. Nf4 Qb5 29. Re1 Rxd2 30. Qxd2 Bd7 31. Qd6 Qf5 32. g4 Qf7 33. Nh5 Qf2 34. Rd1 Bc6 35. Nf4 e3 36. Qg6+ Kh8 37. Nd5 e2 0-1

[Event "Turkish Club Cup 2019"]
[Site "Konya"]
[Date "2019.07.20"]
[Round "8"]
[White "Tuncer, Duru"]
[Black "Gur, Tuba"]
[Result "0-1"]
[WhiteElo "1520"]
[BlackElo "1747"]
[Annotator "NA"]
[PlyCount "88"]
[EventDate "2019.07.16"]
[EventType "team-tourn"]
[EventCountry "TUR"]
[SourceTitle "playchess.com"]
[Source "ChessBase"]
[SourceQuality "1"]

1. e4 c5 2. Nf3 e6 3. g3 Nf6 4. d3 Nc6 5. Bg2 Be7 6. O-O O-O 7. Re1 d5 8. Nbd2 Qc7 9. c3 b6 10. Nf1 dxe4 11. dxe4 Ba6 12. Bf4 e5 13. Bg5 Rfd8 14. Qc1 Nd7 15. Bxe7 Nxe7 16. Ne3 c4 17. Nf5 Nc5 18. Qg5 Nxf5 19. exf5 f6 20. Qg4 Rac8 21. h4 Rd7 22. Qh5 Rcd8 23. g4 Nd3 24. g5 Nxe1 25. Rxe1 Rd1 26. Rxd1 Rxd1+ 27. Bf1 Rd8 28. Qg4 Bb7 29. Bxc4+ Kh8 30. Bb3 Qc6 31. gxf6 gxf6 32. Kg2 Qxf3+ 33. Qxf3 Bxf3+ 34. Kxf3 Rd2 35. Ke3 Rxb2 36. f4 exf4+ 37. Kxf4 Re2 38. Bc4 Rc2 39. Ke4 Rxc3 40. Kd5 Rh3 41. Kc6 Rxh4 42. Bb5 Rf4 43. Bd3 Ra4 44. Bb1 h5 0-1

[Event "Turkish Club Cup 2019"]
[Site "Konya"]
[Date "2019.07.20"]
[Round "8"]
[White "Mutlu, Bunyamin"]
[Black "Ercan, Mehmet Fahri"]
[Result "0-1"]
[WhiteElo "1511"]
[BlackElo "1883"]
[Annotator "NA"]
[PlyCount "52"]
[EventDate "2019.07.20"]
[EventType "team-tourn"]
[EventCountry "TUR"]
[SourceTitle "playchess.com"]
[Source "ChessBase"]
[SourceQuality "1"]

1. e4 g6 2. d4 d6 3. c4 Nf6 4. Nc3 Bg7 5. Bd3 Nc6 6. Nge2 e5 7. d5 Ne7 8. f3 O-O 9. Be3 Ne8 10. g4 f5 11. gxf5 gxf5 12. f4 fxe4 13. Nxe4 Nf5 14. Qd2 Nxe3 15. Qxe3 exf4 16. Qd2 Qh4+ 17. Kd1 Nf6 18. Kc2 Nxe4 19. Bxe4 Bf5 20. Bxf5 Rxf5 21. Nd4 Rf7 22. Raf1 f3 23. Rhg1 Kh8 24. Kc3 Be5 25. Qf2 Rf4 26. Qxh4 Bxd4+ 0-1

[Event "Turkish Club Cup 2019"]
[Site "Konya"]
[Date "2019.07.20"]
[Round "8"]
[White "Yilmaz, Seyma"]
[Black "Acar, Selen"]
[Result "1-0"]
[WhiteElo "1500"]
[BlackElo "1283"]
[Annotator "NA"]
[PlyCount "75"]
[EventDate "2019.07.20"]
[EventType "team-tourn"]
[EventCountry "TUR"]
[SourceTitle "playchess.com"]
[Source "ChessBase"]
[SourceQuality "1"]

1. d4 d5 2. Nf3 e6 3. e3 Nf6 4. Bd3 Be7 5. b3 Nbd7 6. Bb2 O-O 7. Nbd2 b6 8. O-O c5 9. Ne5 Qc7 10. f4 h6 11. Qf3 Bb7 12. Qh3 Nxe5 13. fxe5 Ne4 14. Nxe4 dxe4 15. Bc4 Bd5 16. Bxd5 exd5 17. Rf2 Qc8 18. Qg3 Bg5 19. h4 Be7 20. Raf1 a6 21. dxc5 Qe6 22. Rf6 Bxf6 23. Rxf6 Qe7 24. Rxh6 bxc5 25. Rh5 Qe6 26. Rg5 Qh6 27. e6 d4 28. exd4 fxe6 29. dxc5 Ra7 30. Rg6 Qh7 31. h5 Raf7 32. h6 Rf1+ 33. Kh2 R8f7 34. Bxg7 R1f5 35. Bf6+ Qxg6 36. Qxg6+ Kf8 37. Bg7+ Ke8 38. Qxe6+ 1-0

[Event "Turkish Club Cup 2019"]
[Site "Konya"]
[Date "2019.07.20"]
[Round "8"]
[White "Aslan, Lina"]
[Black "Yaman, Sila"]
[Result "1-0"]
[WhiteElo "1493"]
[BlackElo "1381"]
[Annotator "NA"]
[PlyCount "45"]
[EventDate "2019.07.16"]
[EventType "team-tourn"]
[EventCountry "TUR"]
[SourceTitle "playchess.com"]
[Source "ChessBase"]
[SourceQuality "1"]

1. e4 c5 2. Nf3 g6 3. d4 cxd4 4. Nxd4 Bg7 5. Nc3 Nc6 6. Be3 Nf6 7. Bc4 O-O 8. Qd2 d6 9. f3 Bd7 10. O-O-O a6 11. g4 b5 12. Bb3 Nxd4 13. Bxd4 a5 14. h4 h5 15. Bxf6 exf6 16. gxh5 Kh7 17. hxg6+ fxg6 18. h5 g5 19. h6 Bh8 20. Qxd6 Ra7 21. Qc5 Rc7 22. Rxd7+ Rxd7 23. Qf5# 1-0